Les 10 communes les plus peuplée des département Normand - Statistiques

Statistiques générales
  • Ce quiz a été pris 108 fois
  • Le résultat moyen est 28 sur 50
Statistiques - réponses
Hint Arrondissement Réponse % Correct
105 364 Caen Caen
100%
19 116 Saint-Lô Saint-Lô
98%
79 212 Cherbourg-en-Cotentin Cherbourg-en-Cotentin
97%
20 318 Lisieux Lisieux
97%
13 121 Bayeux Bayeux
95%
47 733 Evreux Evreux
95%
170 147 Le Havre Le Havre
95%
110 145 Rouen Rouen
95%
10 917 Bernay Bernay
94%
8 056 Les Andelys Les Andelys
94%
25 582 Alençon Alençon
92%
29 080 Dieppe Dieppe
92%
17 178 Vire Normandie Vire Normandie
92%
13 823 Argentan Argentan
89%
10 155 Anvranches Avranches
89%
8 501 Coutances Coutances
89%
3 818 Mortagne-au-Perche Mortagne-au-Perche
83%
12 580 Anvranches Granville
65%
25 698 Rouen Le Grand-Quevilly
60%
21 225 Rouen Le Petit-Quevilly
60%
28 965 Rouen Sotteville-lès-Rouen
57%
23 782 Les Andelys Vernon
57%
14 734 Argentan Flers
52%
22 954 Caen Hérouville-Saint-Clair
52%
28 641 Rouen Saint-Étienne-du-Rouvray
52%
18 641 Le Havre Fécamp
49%
9 081 Caen Ouistreham
49%
16 166 Rouen Elbeuf
43%
8 090 Mortagne-au-Perche L'Aigle
42%
18 850 Rouen Mont-Saint-Aignan
40%
11 634 Cherbourg-en-Cotentin La Hague
38%
18 642 Les Andelys Louviers
38%
4 179 Alençon Sées
38%
10 118 Saint-Lô Carentan-les-Marais
37%
13 063 Les Andelys Val-de-Reuil
37%
9 868 Caen Mondeville
35%
10 920 Bernay Pont-Audemer
35%
11 766 Caen Ifs
34%
6 803 Cherbourg-en-Cotentin Valognes
34%
11 537 Les Andelys Gisors
31%
5 237 Argentan La Ferté-Macé
28%
8 170 Bernay Verneuil d'Avre et d'Iton
25%
6 294 Les Andelys Gaillon
22%
4 243 Argentan Domfront en Poiraie
20%
6 094 Anrvanches Saint-Hilaire-du-Harcouët
17%
5 899 Cherbourg-en-Cotentin Bricquebec-en-Cotentin
15%
9 712 Lisieux Mézidon Vallée d'Auge
6%
8 786 Vire Normandie Souleuvre en Bocage
5%
4 933 Argentan Tinchebray-Bocage
3%
4 256 Argentan Athis-Val de Rouvre
2%
Aucun quiz correspondant
Distribution des résultats
% des personnes avec chaque résultat
Percentile par nombre de réponses
Votre historique - résultats
Vous n’avez pas pris ce quiz